[Event "3rd GRENKE Chess Open 2018"]
[Site "Karlsruhe"]
[Date "2018.04.01"]
[Round "7"]
[White "Andreikin, Dmitry"]
[Black "Burmakin, Vladimir"]
[Result "1/2-1/2"]
[WhiteElo "2712"]
[BlackElo "2522"]
[Annotator "TA"]
[PlyCount "82"]
[EventDate "2018.??.??"]
[EventType "swiss"]
[EventCountry "GER"]
[SourceTitle "playchess.com"]
[Source "ChessBase"]
[SourceQuality "1"]

{[%evp 10,82,53,48,57,35,81,46,64,70,81,45,51,33,43,38,77,98,95,0,0,0,0,-14,0,-14,68,68,75,75,71,76,69,68,64,62,62,59,67,54,62,35,43,43,42,20,24,12,20,3,2,0,13,-6,-2,-29,-5,-18,0,0,0,0,0,0,0,0,0,-3,-4,-8,7,0,3,-14,0]} 1. e4 d5 2. exd5 Qxd5 3. Nc3 Qd6 4. d4 Nf6 5. Nf3 c6 6. Be3 {LiveBook: 29 Games. B01: Scandinavian Defence} (6. h3 Nbd7 7. Bd3 g6 8. O-O Bg7 9. Re1 O-O 10. Qe2 e6 11. Bg5 b6 12. Rad1 Bb7 13. Ne5 c5 14. dxc5 Qxe5 15. Qxe5 Nxe5 16. Rxe5 {1-0 (90) Guseinov,G (2645)-Carlsen,M (2832) chess.com INT 2017}) 6... Nbd7 7. Qd2 Qb4 $146 ({Find the theoretical novelty and annotate with similar games:} 7... Nb6 8. Bd3 Be6 9. Ne5 Nbd5 10. O-O Nxe3 11. fxe3 g6 12. Ne2 Bg7 13. Nf4 Nd7 14. Nxe6 Bxe5 {0-1 (34) Hladik,L (2032)-Heinzel,O (2350) Orlova 2014}) 8. Qc1 {White is better.} Nb6 9. a3 Qd6 10. Bf4 Qd8 11. Qd2 Bg4 12. Ne5 Bh5 13. f3 Nfd7 14. d5 (14. O-O-O $16) 14... Nxe5 $11 15. Bxe5 f6 16. O-O-O Nxd5 17. Bg3 {[%cal Rc3d5]} Bf7 ({Black should try} 17... e6 $1 $11) 18. Bc4 $36 {[%cal Rc3d5][%mdl 2048] White fights for an advantage.} Qa5 19. Nxd5 Qxd2+ 20. Rxd2 {[%cal Rd5c7] [#]} Bxd5 21. Bxd5 cxd5 22. Rxd5 Rd8 23. Rhd1 Rxd5 24. Rxd5 {[%mdl 4096] Endgame Hoping for Rb5. KRB-KRB} e5 25. f4 exf4 26. Bxf4 a6 27. Rd3 g5 28. Bc7 Be7 29. a4 Rf8 30. Rb3 Rf7 $1 31. Rd3 f5 32. Kd1 f4 (32... Bf6 $5 {[%cal Rf7c7]} 33. Re3+ Re7 34. Rxe7+ Kxe7 $11) 33. Rd5 {The position is equal.} g4 34. Ke2 Bf6 35. Bxf4 Bxb2 36. g3 (36. Bd2 {NOTEXT} Rd7 37. Rh5 Rc7 38. c3 Bxc3 39. Bxc3 Rxc3 40. Rxh7 b6 41. Rh6) 36... Re7+ 37. Kf1 Bf6 38. h3 gxh3 39. Rh5 Rg7 40. Rh6 Kf7 41. Rxh3 Kg8 {Precision: White = 40%, Black = 65%.} 1/2-1/2

[Event "3rd GRENKE Chess Open 2018"]
[Site "Karlsruhe"]
[Date "2018.04.01"]
[Round "7"]
[White "Van Wely, Loek"]
[Black "Schlosser, Philipp"]
[Result "1/2-1/2"]
[WhiteElo "2667"]
[BlackElo "2510"]
[Annotator "TA"]
[PlyCount "52"]
[EventDate "2018.??.??"]
[EventType "swiss"]
[EventCountry "GER"]
[SourceTitle "playchess.com"]
[Source "ChessBase"]
[SourceQuality "1"]

{[%evp 12,52,8,8,8,6,5,0,0,0,6,0,0,0,0,0,0,0,28,22,27,6,6,6,7,7,7,6,6,6,6,1,6,8,6,13,12,10,11,10,10,7,27]} 1. Nf3 c5 2. c4 Nc6 3. d4 cxd4 4. Nxd4 Nf6 5. Nc3 e6 6. a3 Be7 7. e4 O-O {A33: Symmetrical English: 2 Nf3 Nf6 3 d4 cxd4 4 Nxd4 e6 5 Nc3 Nc6} 8. Nf3 Qc7 (8... Qa5 9. Bd2 Qh5 10. Be2 d5 11. cxd5 exd5 12. exd5 Nxd5 13. Nd4 Qe5 14. Nf3 Qd6 15. Nxd5 Qxd5 {0-1 (70) Vidit,S (2715)-Vachier Lagrave,M (2789) Riadh 2017}) 9. Be2 b6 10. O-O Bb7 11. Bg5 Rac8 12. Rc1 {[%cal Ba1c1,Bc1c2,Bc2d2][%mdl 32]} Qb8 13. Re1 Rfd8 14. Bf1 Ng4 $146 {[#] Hoping for ...Bxg5.} ({Predecessor:} 14... d6 15. h3 h6 16. Bh4 Nh5 {½-½ (16) Matamoros Franco,C (2478)-Rotstein,A (2495) Forni di Sopra 2017}) 15. Bxe7 Nxe7 16. h3 Nf6 {The position is equal.} 17. Rc2 Ng6 18. Rd2 d6 19. Nd4 a6 20. a4 h6 21. g3 Qc7 22. b3 d5 23. exd5 exd5 24. Nxd5 Nxd5 25. cxd5 Rxd5 26. Bg2 Rd7 {Precision: White = 89%, Black = 79%.} 1/2-1/2

[Event "3rd GRENKE Chess Open 2018"]
[Site "Karlsruhe"]
[Date "2018.04.01"]
[Round "7"]
[White "Gordievsky, Dmitry"]
[Black "Bellahcene, Bilel"]
[Result "1-0"]
[WhiteElo "2630"]
[BlackElo "2488"]
[Annotator "TA"]
[PlyCount "79"]
[EventDate "2018.??.??"]
[EventType "swiss"]
[EventCountry "GER"]
[SourceTitle "playchess.com"]
[Source "ChessBase"]
[SourceQuality "1"]

{[%evp 13,79,34,29,12,12,20,23,0,2,0,0,0,0,0,8,0,22,28,18,20,27,1,14,6,22,31,28,20,49,31,30,38,44,0,17,17,8,0,0,0,162,125,148,158,274,32,276,270,313,32,272,320,321,312,521,516,496,509,513,0,409,0,486,435,511,477,468,362]} 1. Nf3 d5 2. g3 Nc6 3. d4 Bg4 4. Bg2 Qd7 5. h3 Bxf3 6. exf3 {D02: 1 d4 d5 2 Nf3 sidelines, including 2...Nf6 3 g3 and 2...Nf6 3 Bf4} (6. Bxf3 O-O-O 7. Nc3 e6 8. O-O h5 9. b4 Bxb4 10. Qd3 Nge7 11. Nb5 a6 12. a4 e5 13. Bg2 h4 {0-1 (32) Potkin,V (2625)-Popov,I (2650) Moscow 2014}) 6... Nf6 7. O-O e6 {LiveBook: 3 Games} 8. c3 {White has an edge.} Bd6 9. Qe2 $146 ({Predecessor:} 9. f4 h5 10. Be3 Ne7 11. Nd2 Nf5 12. Qf3 O-O-O 13. c4 Bb4 {1-0 (54) Loncar,R (2430)-Jurkovic,H (2399) Kostrena 2002}) 9... O-O 10. f4 Ne7 11. Nd2 c5 12. dxc5 Bxc5 13. Nb3 Bb6 14. a4 {[%cal Ba2a4,Ba4a5][%mdl 32]} Nf5 {...Nxg3 is the strong threat.} 15. a5 Bc7 16. c4 Rac8 17. cxd5 Nxd5 18. Bd2 Bd8 19. Rfd1 Bf6 20. Bb4 Be7 21. Bxe7 Nfxe7 22. Nd4 {[%cal Bb3d4,Bd4f3,Bf3g5][%mdl 32]} Rfd8 23. Nf3 Qc7 24. Ng5 {aiming for Qh5.} Nf6 25. Rxd8+ Rxd8 26. Qe3 Nc6 $2 {[#]} (26... a6 $11) 27. a6 $1 $18 Nd5 {[#]} 28. Qe4 $1 {[%cal Re4h7]} h6 (28... g6 $16) 29. Qh7+ Kf8 30. Bxd5 $1 Rxd5 31. Qh8+ Ke7 32. Nh7 Qd8 33. Qxg7 Rd1+ $2 (33... bxa6 34. Rxa6 Rd1+ 35. Kh2 Rc1) 34. Rxd1 Qxd1+ 35. Kg2 Qd5+ 36. Kg1 {Threatens to win with Qf8+.} Qd1+ 37. Kg2 Qd5+ 38. Kh2 {White is clearly winning.} Qf3 39. Qf8+ Kd7 40. Nf6+ {Precision: White = 70%, Black = 68%.} 1-0

[Event "3rd GRENKE Chess Open 2018"]
[Site "Karlsruhe"]
[Date "2018.04.01"]
[Round "7"]
[White "Kozul, Zdenko"]
[Black "Pavlovic, Milos"]
[Result "1/2-1/2"]
[WhiteElo "2617"]
[BlackElo "2471"]
[Annotator "TA"]
[PlyCount "75"]
[EventDate "2018.??.??"]
[EventType "swiss"]
[EventCountry "GER"]
[SourceTitle "playchess.com"]
[Source "ChessBase"]
[SourceQuality "1"]

{[%evp 31,75,0,3,1,4,0,0,0,0,0,4,0,10,0,14,0,0,-5,-16,-11,-6,-38,-32,-37,-37,-37,-37,-37,-10,-33,-36,-35,-34,-47,-43,-40,-26,-19,0,-55,0,-35,-36,-41,0,-54]} 1. d4 Nf6 2. c4 e6 3. g3 d5 4. Bg2 Be7 5. Nf3 O-O 6. O-O dxc4 7. Qc2 a6 8. a4 Bd7 9. Qxc4 Bc6 10. Bg5 Bd5 11. Qc2 Be4 12. Qd1 {E05: Open Catalan: 5 Nf3 Be7} c5 13. dxc5 Bxc5 14. Qxd8 Rxd8 15. Nbd2 Bc6 16. Nb3 Be7 {LiveBook: 11 Games} 17. Na5 h6 {[#]} 18. Bf4 $146 ({Find the theoretical novelty and annotate with similar games:} 18. Be3 Nd5 19. Bd2 Nb6 {1-0 (43) Nakamura,H (2814)-Anand,V (2816) Saint Louis 2015}) 18... Nd5 19. Bxb8 Raxb8 20. Nxc6 bxc6 21. Ne5 Rdc8 22. Rfc1 c5 23. e4 Nb4 24. Bf1 Bf6 25. Nc4 Nc6 26. a5 Rc7 27. Ra4 Bd4 28. Kg2 g5 29. Rc2 Rb3 30. Be2 Rcb7 31. Rd2 Kg7 32. e5 Rb8 33. Ra2 Nb4 34. Ra1 Nc6 35. Ra4 (35. Ra2 $11) 35... Nb4 ({And not} 35... Nxe5 {[#]} 36. Rxd4 $1 {[%mdl 512]} cxd4 37. Nxe5 $16) ({Reject} 35... Bxe5 $6 36. Bf3 $14) (35... R3b4 $15 36. Rxb4 Rxb4) 36. Kf1 Nd5 37. Ra1 Kg6 38. Ke1 {Precision: White = 33%, Black = 52%.} (38. Bd3+ $11 Kg7 39. Be2) 1/2-1/2

[Event "3rd GRENKE Chess Open 2018"]
[Site "Karlsruhe"]
[Date "2018.04.01"]
[Round "7"]
[White "Landa, Konstantin"]
[Black "Nitin Shankar Madhu"]
[Result "1/2-1/2"]
[WhiteElo "2613"]
[BlackElo "1902"]
[Annotator "TA"]
[PlyCount "36"]
[EventDate "2018.??.??"]
[EventType "swiss"]
[EventCountry "GER"]
[SourceTitle "playchess.com"]
[Source "ChessBase"]
[SourceQuality "1"]

{[%evp 12,36,25,17,26,18,18,0,10,-13,21,22,35,34,35,29,34,30,30,17,35,16,35,33,43,43,41]} 1. Nf3 Nf6 2. g3 g6 3. Bg2 Bg7 4. d4 O-O 5. O-O d6 6. b3 a5 7. Nc3 {LiveBook: 7 Games. A49: 1 d4 Nf6 2 Nf3 g6 3 g3: Anti-King's Indian systems} (7. a4 c5 8. Bb2 Nc6 9. dxc5 dxc5 10. Na3 Bf5 11. Nd2 Qc8 12. e4 Bh3 13. Ndc4 Bxg2 14. Kxg2 Qe6 15. f3 {1-0 (55) Vidit,S (2715)-Mamedov,R (2709) Riadh 2017}) 7... Nc6 8. Bb2 e5 $146 ({Find the theoretical novelty and annotate with similar games:} 8... Bf5 9. d5 Nb4 10. Nd4 Bd7 11. e4 c5 12. dxc6 Nxc6 13. Nd5 Nxd5 14. exd5 Ne5 {1-0 (54) Gareyev,T (2609)-Hebden,M (2494) Southend 2017}) 9. dxe5 {The position is equal.} dxe5 10. Nb5 {aiming for Qxd8.} Bd7 11. a4 Re8 12. Nd2 Bf5 13. Nc4 Qc8 14. Re1 Be4 15. Qc1 Bxg2 16. Kxg2 b6 17. e4 Qb7 18. f3 Nd7 {Precision: White = 71%, Black = 72%.} 1/2-1/2

[Event "3rd GRENKE Chess Open 2018"]
[Site "Karlsruhe"]
[Date "2018.04.01"]
[Round "7"]
[White "Papp, Gabor"]
[Black "Burri, Quentin"]
[Result "1-0"]
[WhiteElo "2604"]
[BlackElo "2405"]
[Annotator "TA"]
[PlyCount "115"]
[EventDate "2018.??.??"]
[EventType "swiss"]
[EventCountry "GER"]
[SourceTitle "playchess.com"]
[Source "ChessBase"]
[SourceQuality "1"]

{[%evp 30,115,-19,-11,0,0,-18,-13,-21,0,0,0,11,11,9,8,17,15,29,47,30,0,8,9,8,-27,29,27,27,10,10,0,26,37,37,27,29,24,29,10,12,8,20,-8,38,39,43,23,30,16,16,16,80,72,77,67,74,74,90,89,249,234,4404,3863,3863,3760,2351,2304,1464,672,1402,746,5135,5135,5135,5135,5135,5135,5127,5127,5113,5113,5106,5106,4713,4676,4570,777]} 1. e4 c5 2. Nf3 d6 3. d4 cxd4 4. Nxd4 Nf6 5. Nc3 a6 6. Bg5 e6 7. f4 h6 8. Bh4 Qb6 9. Qd2 Qxb2 10. Rb1 Qa3 11. e5 dxe5 {B97: Sicilian Najdorf: Poisoned Pawn} 12. fxe5 Nfd7 13. Ne4 Qxa2 14. Rd1 Qd5 15. Qe3 Qxe5 16. Be2 {LiveBook: 267 Games. Threatens to win with 0-0.} Bc5 $1 {Strongly threatening ...0-0.} 17. Bg3 $1 {[%cal Rg3e5]} Bxd4 18. Rxd4 Qa5+ 19. Rd2 $1 O-O $1 20. Bd6 $1 {[#]} f5 $146 21. Bxf8 Nxf8 (21... Kxf8 $2 22. Nd6 $18) 22. Nd6 Nbd7 23. g4 Qe5 24. Qxe5 Nxe5 25. Rf1 g6 ({Much weaker is} 25... fxg4 $6 26. Nc4 $16) 26. h4 Kg7 ({But not} 26... Nxg4 $6 27. Bxg4 fxg4 28. Nf7 $16) 27. h5 Kf6 ({Black should play} 27... Bd7 28. gxf5 gxf5 29. Nxb7 a5) 28. hxg6 Nfxg6 29. gxf5 exf5 30. Ne8+ Ke7 (30... Kf7 $5 {[%cal Rf7e8]} 31. Nd6+ Kf6 $11) 31. Nc7 Rb8 32. Bh5 {[%mdl 1024] White has compensation.} Bd7 33. Nd5+ Ke6 34. Kd1 {Hoping for Bxg6.} Bc6 35. Nc7+ Ke7 36. Rxf5 Rd8 37. Rxd8 Kxd8 38. Ne6+ Ke7 39. Nd4 Bd7 40. Rf1 Bg4+ (40... Ng4 $11 {remains equal.} 41. Kd2 (41. Bxg6 Ne3+ 42. Ke2 Nxf1 $11) 41... N6e5) 41. Bxg4 $16 Nxg4 {[%mdl 4096] Endgame KRN-KNN} 42. Ke2 Kd6 {[#]} 43. Rb1 $1 Kd5 44. Rxb7 Kxd4 $2 (44... h5 $16) 45. Rb4+ $18 Kc3 $2 (45... Ke5) 46. Rxg4 {KR-KN. White is clearly winning.} Ne5 47. Re4 Nc4 {[#]} 48. Kd1 $1 {[%cal Rd1c1]} a5 49. Kc1 a4 50. Rh4 a3 51. Rxh6 Kb4 52. Rh8 Kc3 53. Rh3+ Kb4 54. Kb1 Kc5 55. Ka2 Kb4 56. Rg3 Ka4 57. Rb3 Ka5 58. Rxa3+ {Precision: White = 79%, Black = 30%.} (58. c3 $142 Ka6 59. Rb1) 1-0

[Event "3rd GRENKE Chess Open 2018"]
[Site "Karlsruhe"]
[Date "2018.04.01"]
[Round "7"]
[White "Sumets, Andrey"]
[Black "Sriram, Jha"]
[Result "1/2-1/2"]
[WhiteElo "2590"]
[BlackElo "2392"]
[Annotator "TA"]
[PlyCount "79"]
[EventDate "2018.??.??"]
[EventType "swiss"]
[EventCountry "GER"]
[SourceTitle "playchess.com"]
[Source "ChessBase"]
[SourceQuality "1"]

{[%evp 17,79,13,20,0,0,0,6,10,47,39,47,47,47,27,29,0,40,16,44,20,53,39,43,36,116,110,93,84,65,76,76,76,67,72,185,166,181,173,223,211,339,297,469,408,475,507,700,652,6129,5605,6321,6321,6199,6187,6126,6126,6099,1284,6321,6187,6498,5609,5310,2643]} 1. d4 d5 2. c4 c6 3. cxd5 cxd5 4. Nc3 Nf6 5. Bf4 Nc6 6. e3 a6 7. Rc1 Bg4 {D10: Slav Defence: 3 cxd5 (without early Nf3) and 3 Nc3} (7... Bf5 8. Nf3 e6 9. Qb3 Ra7 10. Ne5 Nxe5 11. Bxe5 Nd7 12. Bg3 Be7 13. Qd1 O-O 14. Bd3 {½-½ (14) Ivanchuk,V (2758)-Le,Q (2705) Caleta 2013}) 8. f3 Bd7 9. Bd3 e6 {LiveBook: 9 Games. The position is equal.} 10. Bg5 Be7 11. f4 b5 12. Nf3 $146 ({Predecessor:} 12. Bxf6 Bxf6 13. Nf3 Na5 14. Qe2 Rc8 15. Kf2 O-O 16. g4 {½-½ (39) Chetverik,M (2290)-Korneevets,A (2325) Morava 1996}) 12... Ng4 13. Bxe7 Qxe7 14. Qe2 f5 15. h3 Nf6 16. g4 g6 17. gxf5 (17. Qg2 {is interesting.} O-O 18. g5 Ne4 19. h4 Be8 20. O-O) 17... gxf5 18. Ne5 Nxe5 19. fxe5 Ne4 {aiming for ...Qh4+.} 20. Bxe4 dxe4 {[#]} (20... fxe4 $14 21. Qh5+ Qf7 22. Qxf7+ Kxf7) 21. Qh5+ $1 $16 Qf7 22. Qxf7+ Kxf7 23. Ne2 Rac8 24. Kd2 b4 25. Nf4 Rhg8 (25... a5 $16) 26. Rxc8 $18 Rxc8 {[%mdl 4096] Endgame KRB-KRN} 27. Rg1 Ba4 {Strongly threatening ...Rc2+.} 28. b3 Bb5 (28... Bc6 $142 29. h4 Rf8) 29. h4 {[%cal Bh3h4,Bh4h5,Bh5h6][%mdl 32]} a5 (29... Bc6 {was necessary.} 30. h5 Bd5) 30. h5 Bd7 {intending ...Rg8.} 31. d5 {White is clearly winning.} exd5 32. h6 Rg8 {[#]} 33. e6+ $1 {[%mdl 512]} Bxe6 34. Rxg8 Kxg8 35. Nxe6 {KN-KP} Kf7 36. Nf4 Kf6 37. Nxd5+ Kg5 38. Ne7 Kf6 39. Nc6 Kg5 40. Nd4 {[%mdl 32768] Precision: White = 69%, Black = 38%. . An unexpected result.} (40. Nxa5 $142 Kg6 41. Nc6) 1/2-1/2

[Event "3rd GRENKE Chess Open 2018"]
[Site "Karlsruhe"]
[Date "2018.04.01"]
[Round "7"]
[White "Buhmann, Rainer"]
[Black "Keymer, Vincent"]
[Result "0-1"]
[WhiteElo "2588"]
[BlackElo "2403"]
[Annotator "TA"]
[PlyCount "76"]
[EventDate "2018.??.??"]
[EventType "swiss"]
[EventCountry "GER"]
[SourceTitle "playchess.com"]
[Source "ChessBase"]
[SourceQuality "1"]

{[%evp 20,76,14,7,8,10,13,1,1,10,0,0,0,17,20,-18,-33,-32,0,0,0,0,0,0,0,0,0,0,0,-315,-316,-352,-343,-337,-306,-518,-526,-497,-204,-224,-218,-208,-221,-229,-231,-322,-339,-326,-325,-330,-330,-322,-322,-322,-317,-602,-559,-529,-519]} 1. Nf3 d5 2. d4 Nf6 3. c4 e6 4. g3 Bb4+ 5. Bd2 Be7 6. Bg2 O-O 7. O-O c6 8. Bf4 Nbd7 9. Qc2 b6 10. Nbd2 Ba6 11. e4 {LiveBook: 8 Games. E11: Bogo-Indian} (11. Rfe1 Nh5 12. Ne5 Nxe5 13. Bxe5 f6 14. Bf4 Nxf4 15. gxf4 Bb4 16. Red1 Qd6 17. Nf1 dxc4 18. a3 Ba5 {0-1 (35) Wang,H (2724)-Aronian,L (2783) Shanghai 2010}) 11... dxc4 $146 ({Predecessor:} 11... Nxe4 12. Nxe4 dxe4 13. Ne5 Nxe5 14. dxe5 Qd3 15. Rac1 Qxc2 16. Rxc2 Rad8 17. Be3 c5 18. Bxe4 Rd7 {1-0 (55) Volokitin,A (2681)-Gyimesi,Z (2607) Mainz 2007}) 12. Nxc4 Nxe4 13. Rfe1 {The position is equal.} Nef6 14. Nfe5 Nxe5 15. Nxe5 Rc8 16. Nxc6 {Hoping for Qa4.} Bb5 {And now ...Bxc6 would win.} 17. Nxe7+ (17. d5 $5 Nxd5 18. Bxd5 exd5 19. Nxe7+ Qxe7 20. Qxh7+ $1 {[%mdl 512]} Kxh7 21. Rxe7 $16) 17... Qxe7 18. Qd2 Qd7 19. Be5 Nd5 20. Bxg7 $1 Kxg7 21. Bxd5 $1 exd5 ({Reject} 21... Qxd5 $6 22. Re5 $16) 22. Qg5+ Kh8 {Threatens to win with ...f6.} 23. Qf6+ Kg8 {...Rc6 is the strong threat.} 24. Re5 $2 {[%mdl 8192] [#]} (24. Qg5+ $11 Kh8 25. Qf6+ Kg8 26. Qg5+ Kh8) 24... Bd3 $1 $19 25. h4 Rc6 26. Qg5+ Rg6 27. Rxd5 $2 (27. Re7 {keeps fighting.} Qd6 28. Qe5) 27... Qc6 (27... Rxg5 $2 28. Rxd7 Ra5 29. a3 $19) 28. Rc1 Rxg5 (28... Bc4 $142 29. Rxc4 Qxc4) 29. Rxg5+ {[#]} Qg6 $1 30. Rc7 (30. Rxg6+ hxg6) 30... a5 31. Rc6 b5 32. b3 {[#]} Qxg5 $1 33. hxg5 {[%mdl 4096] Endgame KRB-KR} Re8 34. Ra6 Re1+ 35. Kg2 Be4+ 36. f3 Re2+ 37. Kf1 $2 (37. Kg1 Bxf3 38. Rxa5) 37... Bd3 38. Kg1 Rxa2 {Precision: White = 66%, Black = 73%.} 0-1

[Event "3rd GRENKE Chess Open 2018"]
[Site "Karlsruhe"]
[Date "2018.04.01"]
[Round "7"]
[White "Lagarde, Maxime"]
[Black "Korobov, Anton"]
[Result "1/2-1/2"]
[WhiteElo "2587"]
[BlackElo "2664"]
[Annotator "TA"]
[PlyCount "86"]
[EventDate "2018.??.??"]
[EventType "swiss"]
[EventCountry "GER"]
[SourceTitle "playchess.com"]
[Source "ChessBase"]
[SourceQuality "1"]

{[%evp 13,86,14,20,-8,-11,-8,-14,-12,30,13,37,14,14,29,62,14,37,0,53,59,58,52,66,49,48,0,54,0,56,0,54,-14,0,-9,-19,-18,-8,0,-8,-32,-35,-22,0,-98,-95,-104,-70,-99,-96,-103,-38,-40,-20,-54,0,0,0,0,0,0,0,-37,-22,-20,-8,-8,-8,-9,-6,-8,-8,-8,-11,-8,-8]} 1. e4 c5 2. Nf3 d6 3. d4 cxd4 4. Nxd4 Nf6 5. Nc3 a6 6. h4 {B90: Sicilian Najdorf: Unusual White 6th moves, 6 Be3 Ng4 and 6 Be3 e5} (6. f3 e5 7. Nb3 Be6 8. Be3 Be7 9. Qd2 Nbd7 10. g4 O-O 11. g5 Nh5 12. O-O-O b5 13. Nd5 Bxd5 14. exd5 f6 15. gxf6 Bxf6 16. Kb1 Nf4 17. Rg1 Kh8 18. Bd3 Bg5 19. Na5 Bh6 20. Nc6 Qh4 21. Qb4 {½-½ (49) Caruana,F (2784)-Mamedyarov,S (2809) Berlin 2018}) 6... Nc6 7. Bg5 e6 {LiveBook: 3 Games} 8. Qd3 $146 ({Predecessor:} 8. Be2 Be7 9. Qd2 h6 10. Be3 e5 11. Nb3 b5 12. O-O-O Be6 13. Qe1 Rc8 {0-1 (21) Harutjunyan,G (2454)-Baghdasaryan,V (2469) Yerevan 2017}) 8... h6 9. Nxc6 bxc6 10. Bd2 Rb8 11. b3 d5 12. Qg3 Rb4 13. e5 Nd7 14. Bd3 (14. Be2 {seems wilder.} c5 15. f4 h5 16. Na4 Re4 17. Kf1) 14... Nc5 (14... h5 {feels hotter.} 15. Be2 Qc7 16. Na4 Rb8 17. O-O g6) 15. f4 Nxd3+ (15... Rb8 $11) 16. cxd3 $14 h5 17. Rc1 c5 18. Na4 Rb5 19. Nc3 Rb7 ({Black should play} 19... Rb4 $1 $11) 20. Na4 Rb5 $1 21. Nc3 (21. O-O $14) 21... Rb7 (21... Rb4 $11) 22. d4 (22. O-O $1 $14) 22... g6 23. Na4 cxd4 24. Qd3 Be7 25. g3 O-O 26. Qxd4 Bd7 {[%cal Bc8d7,Bd7b5,Bb5c4][%mdl 32]} 27. Nc5 Rc7 28. b4 (28. Ba5 $11 {keeps the balance.} Rxc5 29. Rxc5 Bxc5 30. Qxc5) 28... Bb5 $17 29. Kf2 Qc8 30. Be3 a5 31. a3 axb4 (31... Bc4 $17) 32. axb4 $15 Bc4 33. g4 Ra7 (33... hxg4 $15 34. h5 f5) 34. gxh5 $1 $11 Ra2+ ({But not} 34... gxh5 $2 35. Rc2 $18) 35. Kg1 gxh5 {[#] Strongly threatening ...Kh7.} 36. Rh2 {And now Rxa2 would win.} Qa8 37. Rcc2 Ra1+ 38. Bc1 $1 {The position is equal.} Kh7 {White must now prevent ...Qa3.} 39. Qd1 $132 {[%mdl 2048] White is fighting back} Rg8+ 40. Rhg2 {[%cal Rd1h5] [#]} Rg4 41. Rxg4 hxg4 42. Qxg4 {Rg2 would kill now.} Qg8 43. Qxg8+ Kxg8 {Precision: White = 42%, Black = 42%.} 1/2-1/2

[Event "3rd GRENKE Chess Open 2018"]
[Site "Karlsruhe"]
[Date "2018.04.01"]
[Round "7"]
[White "Heimann, Andreas"]
[Black "Sinz, Bernhard"]
[Result "1/2-1/2"]
[WhiteElo "2574"]
[BlackElo "2383"]
[Annotator "TA"]
[PlyCount "74"]
[EventDate "2018.??.??"]
[EventType "swiss"]
[EventCountry "GER"]
[SourceTitle "playchess.com"]
[Source "ChessBase"]
[SourceQuality "1"]

{[%evp 19,74,15,23,7,14,8,16,17,34,34,57,57,105,92,82,90,127,105,121,66,112,64,61,78,70,13,6,11,27,32,38,8,13,0,39,0,0,0,0,0,0,0,7,6,7,8,6,6,6,0,0,2,7,6,6,0,4]} 1. e4 e5 2. Nf3 Nc6 3. Bb5 a6 4. Ba4 Nf6 5. d3 b5 6. Bb3 Be7 7. a4 b4 8. O-O O-O 9. h3 {C84: Closed Ruy Lopez: Unusual White 6th moves} (9. Nbd2 d6 10. Nc4 Rb8 11. h3 h6 12. c3 bxc3 13. bxc3 Be6 14. Ba2 Nd7 15. Qe2 Kh7 16. d4 exd4 17. cxd4 {0-1 (30) Jakovenko,D (2710)-Kovalev,V (2636) Sochi 2017}) 9... d6 10. a5 Be6 {LiveBook: 6 Games} 11. Bxe6 {White has an edge.} fxe6 12. Be3 Qe8 $146 ({Predecessor:} 12... d5 13. Nbd2 h6 14. c3 Bd6 15. Qb3 Kh8 16. Rfe1 Rb8 {½-½ (55) Tauscher,K (2223)-Nouveau,L (2196) ICCF email 2014}) 13. c3 bxc3 14. bxc3 Nd8 15. Nbd2 Nh5 16. d4 exd4 17. cxd4 Nf4 18. Rc1 c6 19. g3 (19. Bxf4 $16 Rxf4 20. Qb3) 19... Ng6 20. Nc4 Rb8 21. Nb6 Nb7 22. Nd2 ({White should play} 22. d5 $14 exd5 23. Nd4) 22... Nxa5 $11 23. Qa4 Rxb6 24. Qxa5 Qb8 25. Nc4 Rb3 {[#] Strongly threatening ...d5.} 26. Nd2 Rb6 $1 27. d5 Rb5 {The position is equal.} 28. Qxa6 cxd5 29. Rb1 Rxb1 $1 30. Rxb1 Qe8 31. exd5 exd5 32. Qd3 $36 {[%mdl 2048] White has good play.} Qf7 33. Rb5 Ne5 34. Qxd5 Qxd5 35. Rxd5 Nf3+ 36. Nxf3 Rxf3 37. Kg2 Rf8 {Precision: White = 42%, Black = 39%.} 1/2-1/2

[Event "3rd GRENKE Chess Open 2018"]
[Site "Karlsruhe"]
[Date "2018.04.01"]
[Round "7"]
[White "Malakhatko, Vadim"]
[Black "Wang, Hao"]
[Result "1/2-1/2"]
[WhiteElo "2536"]
[BlackElo "2713"]
[Annotator "TA"]
[PlyCount "68"]
[EventDate "2018.??.??"]
[EventType "swiss"]
[EventCountry "GER"]
[SourceTitle "playchess.com"]
[Source "ChessBase"]
[SourceQuality "1"]

{[%evp 20,68,9,10,20,8,10,7,17,13,13,13,18,14,29,23,13,19,31,33,33,33,33,33,33,33,35,6,6,6,6,4,10,30,31,0,0,0,0,0,0,0,0,0,0,0,0,0,0,0,0]} 1. c4 Nf6 2. Nc3 e6 3. Nf3 d5 4. d4 c6 5. e3 Nbd7 6. Bd3 dxc4 7. Bxc4 b5 8. Bd3 Bb7 9. a3 Bd6 10. O-O O-O 11. Ng5 {LiveBook: 13 Games. D47: Semi-Slav: Meran System} (11. Qc2 Rc8 12. b4 a5 13. Rb1 c5 14. bxc5 Bxf3 15. gxf3 Nxc5 16. dxc5 Rxc5 17. Rxb5 Nd5 18. Rxc5 Qg5+ 19. Kh1 Qh5 20. f4 Qf3+ 21. Kg1 Qg4+ 22. Kh1 Qf3+ 23. Kg1 {½-½ (23) Mamedyarov,S (2762)-Gelfand,B (2743) Tashkent 2016}) 11... a6 {[%cal Ba7a6,Ba6a5][%mdl 32]} 12. Nge4 Be7 13. b4 a5 14. Rb1 Nd5 $146 ({Find the theoretical novelty and annotate with similar games:} 14... axb4 15. axb4 Nxe4 16. Nxe4 {1-0 (46) Gavrilov,O (2181)-Lanin,A (2122) St Petersburg 2001}) 15. Nxd5 exd5 ({Of course not} 15... cxd5 16. Nc5 $16) 16. Nc5 Nxc5 17. dxc5 axb4 18. axb4 Bc8 19. Qc2 g6 20. Bb2 Bf6 21. Ra1 Rxa1 22. Rxa1 Be6 23. Ra6 Bxb2 24. Qxb2 d4 {[%cal Bd5d4,Bd4e3][%mdl 32]} 25. Rxc6 {[#] Rd6 is the strong threat.} dxe3 26. Rd6 ({Don't go for} 26. Bxb5 $2 Qd1+ 27. Bf1 Bc4 $19) 26... Qg5 27. Bf1 Bc4 {The position is equal.} 28. Bxc4 bxc4 $11 {[%mdl 4096] Endgame KQR-KQR} 29. h3 $36 {[%mdl 2048] White has good play.} Re8 {[#] Hoping for ...e2.} 30. fxe3 $1 Qxe3+ 31. Qf2 Qc3 32. Kh2 {aiming for Qf4.} Qxb4 33. Qd4 Qb8 34. Qxc4 Qc7 {Precision: White = 78%, Black = 79%.} 1/2-1/2